000 00746nam a2200253 a 4500
008
020 _a0860035425 (pbk.)
049 _aMAIN
090 0 _aHG4027.5
_bBUC
100 1 _aBuckley, Adrian.
245 1 0 _aMultinational finance /
_cAdrian Buckley.
260 _aNew York :
_bPhilip Allan,
_c1986.
300 _ax, 398 p. :
_bill.;
_c23 cm.
500 _aIncludes index.
504 _aIncludes bibliographical references.
650 0 _aInternational business enterprises
_xFinance.
650 0 _aForeign exchange.
650 0 _aInternational finance.
907 _a.b10155867
_b17-03-11
_c01-03-05
003
005 20230123133935.0
040 _cNUST
942 _cBOOKS
_kHG4027.5
_mBUC
999 _c157264
_d157264